000 00622nam a2200229Ia 4500
003 OSt
005 20220926021003.0
006 a|||||r|||| 00| 0
007 ta
008 220923b |||||||| |||| 00| 0 eng d
037 _cGeneral Book
040 _aRTL
_cRTL
_beng
041 _2eng
_aeng
082 _aH23, M4
100 _aMiall Andrew D
_9325517
245 0 _aPrinciples of sedimentary basin analysis
260 _aNew York
_bSpringer-Verlag U S A
_c1984
300 _axii,490p.
_ccm.
650 _aGeology
_915465
942 _hH23, M4
_cGB
_2CC
999 _c635375
_d635375